|
|
|
|
| LEADER |
02173nam a2200349 a 4500 |
| 001 |
GR-Patra30524 |
| 008 |
101111s gr g b 000 0 gre d |
| 020 |
|
|
|a 9789603997177
|
| 040 |
|
|
|a GrPaTEI
|b gre
|c GR-PaULI
|
| 040 |
|
|
|a GrPaTEI
|b gre
|c GR-PaULI
|
| 082 |
|
0 |
|a 618.920977
|2 22
|
| 100 |
1 |
|
|a Hertle, Richard W.
|
| 245 |
1 |
0 |
|a Παιδιατρική οφθαλμολογία =
|b Pediatric eye disease : έγχρωμος άτλας και σύνοψη /
|c Richard W. Hertle, Danid B. Schaffer, Jill A. Foster ; μετάφραση Σταμάτης Γκατζώνης ; Εύη Πανανή.
|
| 260 |
|
|
|a Αθήνα :
|b Ιατρικές εκδόσεις Π.Χ. Πασχαλίδης,
|c c2008
|
| 300 |
|
|
|a xxii, 305σ. :
|b εικ.
|
| 500 |
|
|
|a Παράρτημα Αιγίου. Τμήμα Οπτικής και Οπτομετρίας
|
| 504 |
|
|
|a Περιλαμβάνει βιβλιογραφία.
|
| 610 |
2 |
4 |
|a Παράρτημα Αιγίου. Τμήμα Οπτικής & Οπτομετρίας
|
| 650 |
|
4 |
|a Παιδιατρική οφθαλμολογία
|
| 700 |
1 |
|
|a Foster, Jill A.
|
| 700 |
1 |
|
|a Schaffer, David B.
|
| 700 |
1 |
|
|a Γκατζώνης, Σταμάτης
|
| 700 |
1 |
|
|a Καρκάνης, Γιώργος
|
| 700 |
1 |
|
|a Πανανή, Εύη
|
| 710 |
0 |
|
|a Πασχαλίδης.
|b Π. Χ.
|
| 942 |
|
|
|2 ddc
|
| 952 |
|
|
|0 0
|1 0
|2 ddc
|4 0
|6 618_920977000000000_HER
|7 0
|9 312097
|a LISK
|b LISK
|c BSC
|d 2021-01-17
|e 24
|f 0
|g 0.00
|l 0
|o 618.920977 HER
|p 92410059820
|r 2021-01-17 00:00:00
|t 1
|w 2021-01-17
|y BK15
|x 20140812 0 1
|x GrPaTEI
|
| 952 |
|
|
|0 0
|1 0
|2 ddc
|4 0
|6 618_920977000000000_HER
|7 0
|9 312098
|a LISK
|b LISK
|c BSC
|d 2021-01-17
|e 24
|f 0
|g 0.00
|l 0
|o 618.920977 HER
|p 92410059821
|r 2021-01-17 00:00:00
|t 1
|w 2021-01-17
|y BK15
|x 20140812 0 1
|x GrPaTEI
|
| 952 |
|
|
|0 0
|1 0
|2 ddc
|4 0
|6 618_920977000000000_HER
|7 1
|9 312099
|a LISK
|b LISK
|c BSC
|d 2021-01-17
|e 24
|f 0
|g 0.00
|l 0
|o 618.920977 HER
|p 92410059819
|r 2021-01-17 00:00:00
|t 1
|w 2021-01-17
|y BKN
|x 20140812 0 0
|x GrPaTEI
|
| 952 |
|
|
|0 0
|1 0
|2 ddc
|4 0
|6 618_920000000000000_977_HEL
|7 0
|9 368301
|a LISP
|b LISP
|c BSC
|d 2023-02-02
|i 47311
|l 0
|o 618.920 977 HEL
|p 025000297375
|r 2023-02-02 00:00:00
|t 4
|w 2023-02-02
|y BK15
|
| 971 |
|
|
|a .b26780963
|b 16-04-20
|c 26-09-16
|
| 999 |
|
|
|c 179096
|d 179096
|